000 00263 a2200097 4500
001 59625
100 _a
245 _aWar for Wealth; True story of globalization, or why the flat world is broken
260 _aNew Delhi
_bMc Graw Hill
_c2008
090 _c36498
_d36498
942 _aNUST-CAE
_c
_c29444
999 _c294698
_d294698